000 00477nab a2200145Ia 4500
003 ES-SlBCS
005 20230622162708.0
008 140529s2003 xxu||||| |||| 00| 0 eng d
041 _aeng
100 1 _aUpton, Thomas V.
_947274
245 0 0 _aAristotle on Monsters and the Generation of Kinds
_c Thomas V. Upton
600 0 0 _aAristóteles
_d384-322 a.C.
_913292
773 0 _tAmerican Catholic Philosophical Quarterly
_gvol. 77, nº. 1, 2003, págs. 21-36
_wRev1385
942 _cAR
999 _c506125
_d506125